=LDR 00000nam 2200000 4500 =001 NUTBA000000000005046 =005 20221122101410 =035 ##$$a 0010-101400000000276 =008 221122################g##########0#ind## =020 ##$$a 979-692-290-8 =040 ##$$a NBPDMAT =082 ##$$a 028.55 =090 ##$$a 808.83 $b Sar m =100 ##$$a Sari Pusparini Soleh =245 1#$$a Masa kemerdekaan putra sang fajar 1945 - 1949 /$c Sari Pusparini Soleh =250 ##$$a Cet.3 =260 ##$$a Bandung :$b Remaja Rosda Karya,$c 2006 =300 ##$$a vi, 65 hlm. : $b ilus. ; $c 28 cm. =650 #4$$a Fiksi Sejarah =850 ##$$a NBPDMAT =084 ##$$a 028.55 SAR m =500 ##$$a Glosarium: hal. 66; Bibliografi: hal 66 =990 ##$$a 21413472 =990 ##$$a 21413473 =990 ##$$a 21413474 =990 ##$$a 21413475 =990 ##$$a 21413476 =990 ##$$a 21411722 =990 ##$$a 21411723 =990 ##$$a 21411724 =990 ##$$a 21411725 =990 ##$$a 21411726 =990 ##$$a 20702395 =990 ##$$a 21413472 =990 ##$$a 21413473 =990 ##$$a 21413474 =990 ##$$a 21413475 =990 ##$$a 21413476 =990 ##$$a 21411722 =990 ##$$a 21411723 =990 ##$$a 21411724 =990 ##$$a 21411725